[Event "Women's Speed Chess Q3"]
[Site "chess.com INT"]
[Date "2021.05.30"]
[Round "8"]
[White "Sikorova, Olga"]
[Black "Nguyen, Thi Mai Hung"]
[Result "0-1"]
[WhiteTitle "WGM"]
[BlackTitle "WGM"]
[WhiteElo "2215"]
[BlackElo "2254"]
[WhiteFideId "307033"]
[BlackFideId "12401676"]
[EventDate "2021.05.30"]

1. c4 e6 2. g3 d5 3. Bg2 Nf6 4. Nf3 c6 5. O-O Nbd7 6. b3 Be7 7. Bb2 O-O 8. d3 b6
9. Nc3 Bb7 10. e4 c5 11. e5 Ng4 12. Qe2 d4 13. Nd1 Rb8 14. h3 Bxf3 15. Bxf3
Ngxe5 16. Bg2 Ng6 17. f4 Bd6 18. Nf2 Re8 19. Rae1 f5 20. Qh5 Qf6 21. Bc1 Kh8 22.
Kh2 Bc7 23. Bc6 Ndf8 24. Bxe8 Rxe8 25. h4 Rd8 26. Nh3 Ne7 27. Ng5 g6 28. Qe2 Rd6
29. Nf3 Nc6 30. Ne5 Kg7 31. h5 Nd7 32. Nxd7 Rxd7 33. Kg2 Re7 34. hxg6 hxg6 35.
Qf3 e5 36. fxe5 Nxe5 37. Qf2 Nxd3 38. Rxe7+ Qxe7 39. Qd2 Qe4+ 40. Kg1 Bxg3 41.
Qg5 Be5 42. Bd2 Bf6 43. Qg2 Qe7 44. a3 Ne5 45. b4 Nxc4 46. bxc5 bxc5 47. Rc1
Nxd2 48. Qxd2 Bg5 49. Qc2 Bxc1 50. Qxc1 Qe3+ 51. Qxe3 dxe3 52. Kf1 f4 53. Ke2
Kf6 54. a4 g5 55. a5 Ke5 56. Kf3 Kd4 0-1

[Event "Women's Speed Chess Q3"]
[Site "chess.com INT"]
[Date "2021.05.30"]
[Round "8"]
[White "Antonova, Nadezhda"]
[Black "Doluhanova, Evgeniya"]
[Result "0-1"]
[WhiteTitle "WFM"]
[BlackTitle "WGM"]
[WhiteElo "1877"]
[BlackElo "2207"]
[WhiteFideId "14700182"]
[BlackFideId "14112035"]
[EventDate "2021.05.30"]

1. b3 Nf6 2. Bb2 b6 3. Nf3 Bb7 4. g3 d6 5. Bg2 Nbd7 6. O-O g6 7. d4 Bg7 8. c4
O-O 9. Nc3 Ne4 10. Qc2 Nxc3 11. Bxc3 Nf6 12. d5 c6 13. e4 cxd5 14. exd5 Bc8 15.
Rfe1 Bf5 16. Qb2 Qd7 17. Nd4 Bh3 18. Bxh3 Qxh3 19. Rxe7 Rfe8 20. Rae1 Rxe7 21.
Rxe7 h5 22. Nc6 Ng4 23. Bxg7 Qxh2+ 24. Kf1 Qh1+ 25. Ke2 Nh2 26. Re3 Qf1+ 27. Kd2
Qxf2+ 28. Kd3 Qf5+ 29. Ke2 Ng4 30. Rf3 Qe4+ 31. Kd2 Qxf3 32. Bh8 Qf2+ 33. Kd3
Qxg3+ 34. Kd2 Qf2+ 35. Kd3 Qxb2 36. Bxb2 h4 37. Ne7+ Kh7 38. Ba3 h3 39. Bxd6 h2
40. Bxh2 Nxh2 41. Kd4 Ng4 42. d6 Nf6 43. b4 Rd8 44. c5 bxc5+ 45. bxc5 g5 46. Ke5
Kg7 47. c6 Ne8 48. d7 Nc7 49. Kd6 Nb5+ 50. Ke5 a6 51. c7 f6+ 52. Kf5 Nxc7 0-1

[Event "Women's Speed Chess Q3"]
[Site "chess.com INT"]
[Date "2021.05.30"]
[Round "8"]
[White "Samaganova, Alexandra"]
[Black "Vo, Thi Kim Phung"]
[Result "1-0"]
[WhiteTitle "WFM"]
[BlackTitle "WGM"]
[WhiteElo "1993"]
[BlackElo "2335"]
[WhiteFideId "13800221"]
[BlackFideId "12401838"]
[EventDate "2021.05.30"]

1. c4 Nf6 2. Nc3 e6 3. e4 d6 4. Nf3 Be7 5. d4 O-O 6. Be2 b6 7. O-O Bb7 8. Qc2
Nbd7 9. h3 e5 10. Be3 Re8 11. Rad1 Bf8 12. dxe5 Nxe5 13. Nxe5 Rxe5 14. Bd4 Re8
15. f3 Nd7 16. b3 Ne5 17. Bf2 Ng6 18. g3 Qc8 19. Kg2 a5 20. a3 Bc6 21. h4 Bd7
22. Rh1 Ne5 23. Nd5 Nc6 24. Nf4 Ne7 25. Bd4 Nc6 26. Bb2 Ne5 27. Qc3 g6 28. Nd5
Bg7 29. f4 Bg4 30. Bxg4 Qxg4 31. Rhf1 a4 32. Ne3 Qd7 33. fxe5 Bxe5 34. Qc1 Bxb2
35. Qxb2 axb3 36. Qxb3 Qe6 37. Qd3 Qxe4+ 38. Qxe4 Rxe4 39. Nd5 Rxc4 40. Rf3 Rc2+
41. Kh3 Rc5 42. Nf6+ Kg7 43. Ng4 f5 44. Ne3 Re8 45. Ng2 Ree5 46. Nf4 b5 47. Nd3
Red5 48. Re1 Rc3 49. Ree3 Kf6 50. Nf4 Rxe3 51. Nxd5+ Ke5 52. Nxe3 Ke4 53. Kg2 d5
54. Nc2 c5 55. Re3# 1-0

[Event "Women's Speed Chess Q3"]
[Site "chess.com INT"]
[Date "2021.05.30"]
[Round "8"]
[White "Paehtz, Elisabeth"]
[Black "Pourkashiyan, Atousa"]
[Result "1-0"]
[WhiteTitle "IM"]
[BlackTitle "WGM"]
[WhiteElo "2456"]
[BlackElo "2322"]
[WhiteFideId "4641833"]
[BlackFideId "12502014"]
[EventDate "2021.05.30"]

1. d4 Nf6 2. Nf3 e6 3. Bf4 d5 4. e3 Be7 5. Nbd2 O-O 6. c3 c5 7. Bd3 b6 8. Qe2 a5
9. Ne5 Bd6 10. h4 Ba6 11. Bxa6 Nxa6 12. h5 h6 13. Rh3 Nb8 14. Rg3 Kh8 15. O-O-O
Bxe5 16. Bxe5 Nbd7 17. f4 b5 18. Rh3 b4 19. c4 cxd4 20. exd4 dxc4 21. Nxc4 Nb6
22. Nxb6 Qxb6 23. Kb1 Rac8 24. Bxf6 gxf6 25. f5 exf5 26. Qd2 Kh7 27. Rf3 Qe6 28.
Re1 Qd5 29. Qd3 Rfd8 30. Rxf5 Qxd4 31. Qxd4 Rxd4 32. Rxf6 Rc7 33. Rf5 Rd2 34.
Rc1 Rxc1+ 35. Kxc1 Rxg2 36. Rxa5 Kg7 37. Rb5 Rg4 38. Kc2 Rf4 39. Kb3 Rh4 40.
Rxb4 Rxh5 41. a4 Rh3+ 42. Kc4 Rh1 43. a5 Ra1 44. Kb5 Ra2 45. a6 h5 46. Kb6 Kg6
47. a7 Kg5 48. Kb7 h4 49. a8=Q Rxa8 50. Kxa8 h3 51. Ra4 h2 52. Ra1 Kg4 53. b4 f5
54. b5 f4 55. b6 Kg3 56. b7 Kg2 57. b8=Q h1=Q 58. Rxh1 Kxh1 59. Qxf4 Kg2 60. Qe3 1-0

[Event "Women's Speed Chess Q3"]
[Site "chess.com INT"]
[Date "2021.05.30"]
[Round "8"]
[White "Swati, Mohota"]
[Black "Dordzhieva, Dinara"]
[Result "0-1"]
[WhiteTitle "WFM"]
[BlackTitle "WGM"]
[WhiteElo "2027"]
[BlackElo "2334"]
[WhiteFideId "5006511"]
[BlackFideId "24157570"]
[EventDate "2021.05.30"]

1. d4 Nf6 2. Nf3 e6 3. g3 d5 4. Bg2 Be7 5. O-O O-O 6. b3 c5 7. Bb2 cxd4 8. Nxd4
Nc6 9. Nd2 Bd7 10. Nxc6 bxc6 11. e4 Rc8 12. e5 Ne8 13. c4 Nc7 14. Rc1 c5 15. Qe2
Bc6 16. Rfd1 Qe8 17. f4 d4 18. Bxc6 Qxc6 19. Qe4 Na6 20. Qxc6 Rxc6 21. Ne4 Rd8
22. Kf2 Nb4 23. a3 Na6 24. Rd3 Rb6 25. Ke2 Rdb8 26. b4 cxb4 27. Bxd4 Rc6 28.
Bxa7 Ra8 29. Be3 bxa3 30. c5 Nb4 31. Rd2 a2 32. Ra1 Rca6 33. Rb2 Nd5 34. Nd6 h6
35. Bd4 Ra4 36. Kd3 Nb4+ 37. Ke2 Nc6 38. Bc3 Bd8 39. Nb7 Bc7 40. Nd6 Ba5 41.
Bxa5 R4xa5 42. Nb7 R5a7 43. Rb6 Nd4+ 44. Kd3 Nf5 45. Nd6 Ne7 46. c6 Nd5 47. Rb2
Ra6 48. c7 Nxc7 49. Kc3 Nd5+ 50. Kd4 Ra4+ 51. Kc5 R8a5+ 52. Kc6 Nb4+ 53. Kd7 Nd3
54. Rb8+ Kh7 55. Nxf7 Kg6 56. Nd6 Ra7+ 57. Rb7 Nb4 0-1

[Event "Women's Speed Chess Q3"]
[Site "chess.com INT"]
[Date "2021.05.30"]
[Round "8"]
[White "Mkrtchian, Lilit"]
[Black "Nguyen, Thi Thanh An"]
[Result "1-0"]
[WhiteTitle "IM"]
[BlackTitle "WGM"]
[WhiteElo "2388"]
[BlackElo "2259"]
[WhiteFideId "13300601"]
[BlackFideId "12400300"]
[EventDate "2021.05.30"]

1. e4 c6 2. d4 d5 3. e5 c5 4. dxc5 Nc6 5. Nf3 Bg4 6. c3 e6 7. Be3 Nge7 8. Be2
Nf5 9. Bd4 Qc7 10. Nbd2 Be7 11. O-O O-O 12. h3 Bxf3 13. Nxf3 Rfd8 14. Re1 Rac8
15. Bd3 Nfxd4 16. cxd4 b6 17. cxb6 Qxb6 18. Re2 g6 19. a3 Nxd4 20. Nxd4 Qxd4 21.
Ba6 Qxd1+ 22. Rxd1 Rb8 23. b4 Rb6 24. Bd3 Rc8 25. Rc2 Rxc2 26. Bxc2 Rc6 27. Bd3
Rc3 28. a4 Ra3 29. a5 Bxb4 30. a6 Rc3 31. Kf1 Bc5 32. Ke2 Bd4 33. f4 Bc5 34. Rb1
Ra3 35. Rb8+ Kg7 36. Rb2 Bb6 37. Rc2 h6 38. g4 g5 39. f5 Bd4 40. fxe6 fxe6 41.
Rc7+ Kg8 42. Rc8+ Kf7 43. Rc7+ Ke8 44. Rh7 Bxe5 45. Rxh6 Bd4 46. Rxe6+ Kd7 47.
Rg6 Ra2+ 48. Kd1 Rf2 49. Bf5+ Kc7 50. Rxg5 Be3 51. Rg6 d4 52. h4 d3 53. Bxd3
Rd2+ 54. Ke1 Rxd3 55. Ke2 Ra3 56. h5 Ra2+ 57. Kxe3 Ra3+ 58. Kf4 Ra4+ 59. Kg5
Ra5+ 60. Kh4 Kd7 61. h6 Ke7 62. h7 Kf7 63. Rg8 Ra1 64. h8=Q Rh1+ 65. Kg5 Rxh8
66. Rxh8 Ke7 67. Rh7+ Ke6 68. Rxa7 1-0

[Event "Women's Speed Chess Q3"]
[Site "chess.com INT"]
[Date "2021.05.30"]
[Round "8"]
[White "Kulkarni, Bhakti"]
[Black "Osmak, Iulija"]
[Result "0-1"]
[WhiteTitle "IM"]
[BlackTitle "IM"]
[WhiteElo "2391"]
[BlackElo "2425"]
[WhiteFideId "5019516"]
[BlackFideId "14101602"]
[EventDate "2021.05.30"]

1. d4 d6 2. Nf3 Bg4 3. e3 Nd7 4. Be2 c6 5. O-O Ngf6 6. h3 Bh5 7. c4 e5 8. b3 Be7
9. Bb2 Qc7 10. dxe5 dxe5 11. Nc3 O-O 12. Qc2 Rfe8 13. Rfd1 Rad8 14. a3 Bf8 15.
b4 a5 16. Qb3 axb4 17. axb4 e4 18. Nd4 Bxe2 19. Ncxe2 Ne5 20. Nf4 g6 21. c5 Bg7
22. Rd2 Nd5 23. Nde2 Nxf4 24. Rxd8 Rxd8 25. Nxf4 Nd3 26. Bxg7 Kxg7 27. Qc3+ Qe5
28. Qxe5+ Nxe5 29. Ra7 Rd7 30. Ne2 Nd3 31. Nc3 f5 32. b5 Nxc5 33. Na4 Nxa4 34.
bxc6 Rd1+ 35. Kh2 Kh6 36. cxb7 Rb1 37. Rxa4 Rxb7 38. Kg3 Rb2 39. h4 Kh5 40. Ra7
h6 41. Ra6 g5 42. hxg5 hxg5 43. Ra5 Kg6 44. Rd5 Rb3 45. Rd6+ Kh5 46. Rf6 f4+ 47.
Kh2 fxe3 48. fxe3 Rxe3 49. Re6 Kg4 50. Re8 Kf4 51. Rf8+ Kg4 52. Re8 Re1 53. Re7
e3 54. Re4+ Kf5 55. Re8 Kf4 56. Rf8+ Ke4 57. Re8+ Kd3 58. Kg3 Rg1 59. Rd8+ Kc2
60. Re8 Kd2 61. Rd8+ Ke1 62. Kf3 e2 63. Re8 Rf1+ 64. Kg3 Rf4 65. Rg8 Rf5 66. Re8
Rd5 67. Kg4 Kd1 68. Rxe2 Kxe2 0-1

[Event "Women's Speed Chess Q3"]
[Site "chess.com INT"]
[Date "2021.05.30"]
[Round "8"]
[White "Enkhtuul, Altan-Ulzii"]
[Black "Purtseladze, Maka"]
[Result "0-1"]
[WhiteTitle "WGM"]
[BlackTitle "IM"]
[WhiteElo "2228"]
[BlackElo "2274"]
[WhiteFideId "4901444"]
[BlackFideId "13602659"]
[EventDate "2021.05.30"]

1. d4 Nf6 2. Nf3 d5 3. g3 c6 4. Bg2 Bf5 5. O-O e6 6. Nbd2 Be7 7. Nh4 Bg6 8. Nxg6
hxg6 9. e4 dxe4 10. Nxe4 Nxe4 11. Bxe4 Bf6 12. c3 Qa5 13. Bg2 Nd7 14. b4 Qh5 15.
Qxh5 gxh5 16. h4 Nb6 17. Bf4 Nd5 18. Bd2 a5 19. a3 axb4 20. axb4 Kd7 21. Bxd5
cxd5 22. Kg2 Kc6 23. Kf3 Kb5 24. Ke2 Kc4 25. Rfb1 Kb5 26. Kd3 Ra6 27. Ra5+ Rxa5
28. bxa5+ Ka6 29. c4 dxc4+ 30. Kxc4 Rc8+ 31. Kd3 Rd8 32. Rb4 e5 33. Rb6+ Ka7 34.
Rb4 Rxd4+ 35. Rxd4 exd4 36. Bb4 Ka6 37. f3 Kb5 38. Be1 Be5 39. g4 g6 40. g5 Kc5
41. Ke4 Bc7 42. Kd3 Kd5 43. Bf2 Bxa5 44. Bxd4 Be1 45. f4 Bxh4 46. Be3 b5 47. Kc3
Bg3 48. Bd2 Ke4 49. Kb4 Bxf4 50. Be1 Bxg5 51. Kxb5 Kf3 52. Kc4 Bf4 53. Kd3 Bg3
54. Bd2 h4 55. Be3 h3 56. Bg1 h2 57. Bxh2 Bxh2 58. Kd4 g5 59. Kd3 g4 60. Kd2 g3
61. Ke1 g2 62. Kd2 g1=Q 63. Kd3 Qe3+ 64. Kc2 Qc5+ 65. Kb1 Ke3 66. Ka2 f5 67. Ka1
f4 68. Ka2 f3 69. Ka1 Be5+ 70. Ka2 Qc2+ 71. Ka3 Qc3+ 72. Ka4 Qb2 73. Ka5 f2 74.
Ka6 f1=Q+ 75. Ka7 Qfa1# 0-1

[Event "Women's Speed Chess Q3"]
[Site "chess.com INT"]
[Date "2021.05.30"]
[Round "8"]
[White "Assaubayeva, Bibisara"]
[Black "Bodnaruk, Anastasia"]
[Result "1-0"]
[WhiteTitle "IM"]
[BlackTitle "IM"]
[WhiteElo "2381"]
[BlackElo "2457"]
[WhiteFideId "13708694"]
[BlackFideId "4181751"]
[EventDate "2021.05.30"]

1. c4 e5 2. Nc3 d6 3. g3 Nc6 4. Bg2 g6 5. e3 Bg7 6. Nge2 h5 7. h4 Bg4 8. d3 Nge7
9. Rb1 Qd7 10. b4 O-O 11. b5 Nd8 12. Qb3 c6 13. bxc6 bxc6 14. Ba3 Rc8 15. Ne4
Bxe2 16. Kxe2 c5 17. Nc3 Ndc6 18. Qb7 Rc7 19. Qa6 f5 20. Nd5 f4 21. Nxc7 f3+ 22.
Bxf3 Qf5 23. Bxc6 Qxf2+ 24. Kd1 Qxa2 25. Bd5+ Nxd5 26. Nxd5 Qxb1+ 27. Bc1 Qxd3+
28. Bd2 Rf2 29. Qa2 Qe2+ 30. Kc1 e4 31. Rd1 Bh6 32. Qc2 Bg7 33. Qb3 Rg2 34. Nf4
Qf3 35. Nxg2 Qxg2 36. Qb8+ Kh7 37. Qxd6 Qf3 38. Qf4 Qe2 39. Qxe4 a5 40. Kc2 a4
41. Re1 Qf2 42. Qf4 Qg2 43. Rf1 Qb7 44. Rb1 Qd7 45. Qe4 a3 46. Qd3 Qa4+ 47. Qb3
Qa6 48. Bc3 a2 49. Ra1 Qa8 50. Bxg7 Qe4+ 51. Qd3 Qg2+ 52. Qd2 Qe4+ 53. Kb3 Kxg7
54. Rxa2 Qb7+ 55. Kc3 Qe7 56. Qd3 Qe5+ 57. Kc2 Qxg3 58. Ra7+ Kh6 59. Rd7 Qf2+
60. Kb3 Qe1 61. Rd6 Qb4+ 62. Kc2 Qa4+ 63. Kd2 Qa2+ 64. Ke1 Qa1+ 65. Kd2 Qb2+ 66.
Ke1 Qa1+ 67. Kf2 Qb2+ 68. Kf3 Qg7 69. Qe4 Qf7+ 70. Qf4+ 1-0

[Event "Women's Speed Chess Q3"]
[Site "chess.com INT"]
[Date "2021.05.30"]
[Round "8"]
[White "Sviridova, Vlada"]
[Black "Nurmanova, Alua"]
[Result "1/2-1/2"]
[WhiteTitle "WFM"]
[BlackTitle "WFM"]
[WhiteElo "2144"]
[BlackElo "2008"]
[WhiteFideId "24109606"]
[BlackFideId "13729390"]
[EventDate "2021.05.30"]

1. d4 Nf6 2. c4 g6 3. Nc3 Bg7 4. e4 O-O 5. Nf3 d6 6. Be2 e5 7. O-O Nc6 8. d5 Ne7
9. Ne1 Ne8 10. Be3 f5 11. f3 f4 12. Bf2 g5 13. Nd3 Ng6 14. c5 h5 15. Rc1 Rf7 16.
Kh1 Bh6 17. Rc2 Rg7 18. Rg1 Nf8 19. g3 fxg3 20. Rxg3 h4 21. Rg1 Nf6 22. Qd2 Kh7
23. Be3 Nh5 24. Nb5 a6 25. Na3 Nf4 26. cxd6 cxd6 27. Nc4 Bh3 28. Ne1 Rc8 29. Nb6
Rxc2 30. Qxc2 Nxe2 31. Qxe2 Qf6 32. Nc4 b5 33. Nd2 Ng6 34. Nd3 Nf4 35. Nxf4 exf4
36. Bf2 Qxb2 37. Qd3 Rf7 38. Bd4 Qb4 39. Nb3 a5 40. Bc3 Qc4 41. Qxc4 bxc4 42.
Nxa5 g4 43. Nxc4 gxf3 44. Bd4 Bg7 45. Nxd6 Bxd4 46. Nxf7 Bxg1 47. Ng5+ Kg6 48.
Nxh3 Bc5 49. Nxf4+ Kf6 50. Nd3 Bd6 51. Kg1 h3 52. Kf2 Bxh2 53. Kxf3 Bd6 54. a4
h2 55. Kg2 Be5 56. Kh1 Bc7 57. e5+ Kf5 58. d6 Bb6 59. Kxh2 Ke4 60. Nb4 Kxe5 61.
d7 Kd6 62. Kg3 Kxd7 63. Kf4 Kd6 64. Ke4 Kc5 65. Nd5 Bd8 66. Ke5 Kc4 67. Kd6 Kb3
68. Kd7 Kxa4 1/2-1/2

[Event "Women's Speed Chess Q3"]
[Site "chess.com INT"]
[Date "2021.05.30"]
[Round "8"]
[White "Zaksaite, Salomeja"]
[Black "Zhai, Mo"]
[Result "1-0"]
[WhiteTitle "WIM"]
[BlackTitle "WGM"]
[WhiteElo "2202"]
[BlackElo "2366"]
[WhiteFideId "12801496"]
[BlackFideId "8600201"]
[EventDate "2021.05.30"]

1. e4 e6 2. d4 d5 3. Nc3 dxe4 4. Nxe4 Bd7 5. Nf3 Bc6 6. Bd3 Nd7 7. Qe2 Ngf6 8.
Ng3 Be7 9. O-O b6 10. Ne5 Bb7 11. Bg5 O-O 12. Rad1 a6 13. Rfe1 h6 14. Bc1 b5 15.
f4 Bd5 16. a3 Re8 17. f5 exf5 18. Nxf5 Bf8 19. Qf2 c5 20. c3 Rc8 21. Kh1 Qc7 22.
Nxd7 Nxd7 23. dxc5 Bxc5 24. Qh4 Qc6 25. Qg4 Bf8 26. Nxh6+ Kh8 27. Nf5 Rxe1+ 28.
Rxe1 Nf6 29. Qh4+ Kg8 30. Ne7+ Bxe7 31. Rxe7 Bxg2+ 32. Kg1 Qc5+ 33. Be3 Qxe7 34.
Bd4 Be4 35. Bxf6 Qxf6 36. Qxf6 gxf6 37. Bxe4 Rd8 38. Bb7 Rd2 39. Bxa6 Rxb2 40.
c4 bxc4 41. Bxc4 Rb1+ 42. Kg2 Ra1 43. Be2 Rxa3 44. Bf3 Kg7 45. h3 Rc3 46. Bg4
Kg6 47. Bd7 Kg5 48. Kh2 f5 49. Kg2 f4 50. Bg4 Kh4 51. Kf2 Rg3 52. Bc8 f6 53. Bd7
Rd3 54. Bc8 Rc3 55. Bd7 Kg5 56. Be6 Kg6 57. Bg4 Kf7 58. Bf5 Ke7 59. Bg4 Kd6 60.
Bf3 Ke5 61. h4 Kf5 62. h5 Kg5 63. Bd1 Rg3 64. Be2 Kf5 65. Bd1 Ke5 66. Be2 Rh3
67. Bd1 Ke4 68. Kg2 Ke3 69. Kxh3 f3 70. Bxf3 Kxf3 71. h6 f5 72. h7 f4 73. h8=Q
Ke2 74. Qa8 f3 75. Kg3 f2 76. Qa2+ Kd3 77. Qxf2 Ke4 78. Qf4+ Kd3 79. Kf3 Kc3 80.
Qe4 Kd2 81. Qd4+ Kc2 82. Ke2 Kb3 83. Kd2 Ka3 84. Qb6 Ka4 85. Kc3 Ka3 86. Qa6# 1-0

[Event "Women's Speed Chess Q3"]
[Site "chess.com INT"]
[Date "2021.05.30"]
[Round "9"]
[White "Jakubowska, Anna"]
[Black "Pandey, Srishti"]
[Result "1-0"]
[WhiteTitle "WIM"]
[BlackTitle "WFM"]
[WhiteElo "2073"]
[BlackElo "2026"]
[WhiteFideId "1121952"]
[BlackFideId "35093290"]
[EventDate "2021.05.30"]

1. e4 e6 2. d4 d5 3. Nd2 Nc6 4. Ngf3 Nf6 5. Bb5 dxe4 6. Ne5 Bd7 7. Nxd7 Qxd7 8.
c3 a6 9. Ba4 Be7 10. O-O O-O 11. Re1 b5 12. Bc2 Rad8 13. Nxe4 Nxe4 14. Bxe4 g6
15. Bh6 Rfe8 16. Qf3 Bf8 17. Bxc6 Qe7 18. Bxe8 Bxh6 19. Bc6 b4 20. d5 bxc3 21.
bxc3 Bd2 22. Re2 Bg5 23. Rae1 e5 24. Rxe5 1-0

[Event "Women's Speed Chess Q3"]
[Site "chess.com INT"]
[Date "2021.05.30"]
[Round "9"]
[White "Zaksaite, Salomeja"]
[Black "Eswaran, Ashritha"]
[Result "0-1"]
[WhiteTitle "WIM"]
[BlackTitle "WIM"]
[WhiteElo "2202"]
[BlackElo "2244"]
[WhiteFideId "12801496"]
[BlackFideId "2080788"]
[EventDate "2021.05.30"]

1. e4 c5 2. Nf3 d6 3. d4 cxd4 4. Nxd4 Nf6 5. Nc3 g6 6. Be3 Bg7 7. f3 Nc6 8. Qd2
O-O 9. O-O-O d5 10. exd5 Nxd5 11. Nxc6 bxc6 12. Bd4 Bxd4 13. Qxd4 Qb6 14. Na4
Qc7 15. h4 Rd8 16. h5 Bf5 17. hxg6 Bxg6 18. Bd3 Nf4 19. Qc3 Rxd3 20. cxd3 Ne2+ 0-1

[Event "Women's Speed Chess Q3"]
[Site "chess.com INT"]
[Date "2021.05.30"]
[Round "9"]
[White "Havanecz, Bianka"]
[Black "Golubenko, Valentina"]
[Result "1-0"]
[WhiteTitle "WIM"]
[BlackTitle "WGM"]
[WhiteElo "2257"]
[BlackElo "2209"]
[WhiteFideId "704814"]
[BlackFideId "4501993"]
[EventDate "2021.05.30"]

1. d4 g6 2. Nf3 Bg7 3. g3 c5 4. Bg2 cxd4 5. Nxd4 Nc6 6. c3 Nf6 7. O-O O-O 8. Bg5
Nxd4 9. cxd4 Qb6 10. b3 Nd5 11. Bxd5 Bxd4 12. Na3 Bxa1 13. Qxa1 e6 14. Bh6 f6
15. Bxf8 exd5 16. Bh6 Qe6 17. Qd4 b6 18. Nb5 Qf7 19. Nc7 Rb8 20. Nxd5 1-0

[Event "Women's Speed Chess Q3"]
[Site "chess.com INT"]
[Date "2021.05.30"]
[Round "9"]
[White "Zaichenko, Daria"]
[Black "Nguyen, Thi Mai Hung"]
[Result "0-1"]
[WhiteTitle "WFM"]
[BlackTitle "WGM"]
[WhiteElo "2104"]
[BlackElo "2254"]
[WhiteFideId "4197453"]
[BlackFideId "12401676"]
[EventDate "2021.05.30"]

1. e4 e6 2. d4 d5 3. e5 c5 4. c3 Nc6 5. Nf3 Qb6 6. a3 c4 7. Be2 Bd7 8. Nbd2 Na5
9. O-O Ne7 10. Rb1 Nc8 11. Qc2 Qc7 12. b4 cxb3 13. Nxb3 Ba4 14. Nfd2 Nc4 15. Qa2
Bxb3 16. Nxb3 N8b6 17. Bf4 Be7 18. Bg3 Nxa3 19. Na5 O-O 20. f4 Nxb1 21. Rxb1
Qxc3 22. Nxb7 Qxd4+ 23. Bf2 Qxf4 24. Qa5 Qxe5 25. Nc5 Qxe2 0-1

[Event "Women's Speed Chess Q3"]
[Site "chess.com INT"]
[Date "2021.05.30"]
[Round "9"]
[White "Ziegenfuss, Antonia"]
[Black "Zakirova, Aisha"]
[Result "1-0"]
[WhiteTitle "WFM"]
[BlackTitle "WCM"]
[WhiteElo "2157"]
[BlackElo "1585"]
[WhiteFideId "12962554"]
[BlackFideId "13719734"]
[EventDate "2021.05.30"]

1. d4 Nf6 2. c4 g6 3. Nc3 d5 4. cxd5 Nxd5 5. e4 Nxc3 6. bxc3 Bg7 7. Qa4+ Bd7 8.
Qa3 O-O 9. Nf3 b6 10. Be2 Bc6 11. e5 Bb7 12. O-O Nd7 13. e6 fxe6 14. Ng5 Nf6 15.
Nxe6 Qd5 16. Nf4 Qf5 17. Qb3+ Kh8 18. Be3 Ng4 19. Qe6 Nxe3 20. fxe3 Qc2 21. Bf3
Bxf3 22. Rxf3 Qxc3 23. Raf1 c5 24. Nxg6+ hxg6 25. Rh3+ Bh6 26. Rxh6+ Kg7 27.
Qxg6# 1-0

[Event "Women's Speed Chess Q3"]
[Site "chess.com INT"]
[Date "2021.05.30"]
[Round "9"]
[White "Kiran, Manisha Mohanty"]
[Black "Bommini, Mounika Akshaya"]
[Result "0-1"]
[WhiteTitle "WGM"]
[BlackTitle "WFM"]
[WhiteElo "2168"]
[BlackElo "2029"]
[WhiteFideId "5019575"]
[BlackFideId "25019872"]
[EventDate "2021.05.30"]

1. e4 Nc6 2. Nf3 d6 3. d4 Nf6 4. Nc3 Bg4 5. Be2 e5 6. dxe5 dxe5 7. Qxd8+ Rxd8 8.
Bd2 Bb4 9. O-O-O O-O 10. h3 Be6 11. a3 Bxc3 12. Bxc3 Nxe4 13. Bxe5 Nxf2 14. Rxd8
Rxd8 15. Rf1 Nxe5 16. Nxe5 Ne4 17. Bf3 Ng3 18. Re1 f6 19. Nd3 Bf5 20. Bxb7 Bxd3
21. cxd3 Rxd3 22. Re7 c5 23. Ba6 Rd6 24. Bc4+ Kf8 25. Rf7+ Ke8 26. Rxg7 Nf5 27.
Rxa7 Ne3 28. Bb5+ Kd8 29. g3 Rd1# 0-1

[Event "Women's Speed Chess Q3"]
[Site "chess.com INT"]
[Date "2021.05.30"]
[Round "9"]
[White "Buksa, Nataliya"]
[Black "Linares Napoles, Oleiny"]
[Result "0-1"]
[WhiteTitle "IM"]
[BlackTitle "WGM"]
[WhiteElo "2414"]
[BlackElo "2255"]
[WhiteFideId "14123622"]
[BlackFideId "3504794"]
[EventDate "2021.05.30"]

1. d4 Nf6 2. Nc3 g6 3. e4 d6 4. Bg5 Bg7 5. e5 dxe5 6. dxe5 Ng4 7. Qxd8+ Kxd8 8.
O-O-O+ Bd7 9. e6 fxe6 10. Bh4 Nc6 11. Bc4 Kc8 12. Nf3 Rf8 13. Rhf1 Nge5 14. Be2
Nxf3 15. Bxf3 Be5 16. Bxe7 Nxe7 17. Bxb7+ Kxb7 18. Rxd7 Bd6 19. Rd1 Kc6 20.
R1xd6+ cxd6 21. Rxe7 Rxf2 22. Rxe6 Rxg2 23. h4 Rf8 24. b3 Rff2 25. Ne4 Rxc2+ 26.
Kd1 Kd5 27. Re8 Kd4 28. Nxd6 Rxa2 29. Nb5+ Kc5 30. Re5+ Kb4 31. Nd4 Ra1# 0-1

[Event "Women's Speed Chess Q3"]
[Site "chess.com INT"]
[Date "2021.05.30"]
[Round "9"]
[White "Gevorgyan, Maria"]
[Black "Marjanovic, Annamaria"]
[Result "1-0"]
[WhiteTitle "WGM"]
[BlackTitle "WGM"]
[WhiteElo "2219"]
[BlackElo "2338"]
[WhiteFideId "13300270"]
[BlackFideId "750930"]
[EventDate "2021.05.30"]

1. e4 e6 2. d4 d5 3. Bd3 Nf6 4. exd5 exd5 5. c3 c5 6. Bf4 Nc6 7. Ne2 Be7 8. O-O
O-O 9. Nd2 Be6 10. Nf3 c4 11. Bc2 h6 12. Qd2 Bd6 13. Bxh6 gxh6 14. Qxh6 Ne4 15.
Bxe4 dxe4 16. Ng5 Re8 17. Ng3 Bxg3 18. fxg3 Qd5 19. Rf6 Nd8 20. Raf1 e3 21. Qh7+
Kf8 22. Nxe6+ Rxe6 23. Rxf7+ Ke8 24. Rf8# 1-0

[Event "Women's Speed Chess Q3"]
[Site "chess.com INT"]
[Date "2021.05.30"]
[Round "9"]
[White "Eswaran, Aksithi"]
[Black "Makhija, Aashna"]
[Result "0-1"]
[WhiteTitle "WCM"]
[BlackTitle "WIM"]
[WhiteElo "1745"]
[BlackElo "1969"]
[WhiteFideId "2083485"]
[BlackFideId "25011944"]
[EventDate "2021.05.30"]

1. e4 e6 2. d4 d5 3. e5 c5 4. c3 Nc6 5. Nf3 Qb6 6. a3 Nh6 7. b4 cxd4 8. cxd4 Nf5
9. Bb2 Bd7 10. g4 Nfe7 11. Be2 Rc8 12. Nc3 Ng6 13. Rc1 Nf4 14. Na4 Qd8 15. Nc5
Bxc5 16. dxc5 Nxe2 17. Qxe2 a6 18. Nd4 Nxd4 19. Bxd4 Bb5 20. Qe3 Qh4 21. h3 O-O
22. Ra1 b6 23. a4 bxc5 24. axb5 cxd4 25. Qxd4 axb5 26. Qe3 Rc4 27. O-O Rxb4 28.
Ra7 h5 29. f3 Qg3+ 30. Kh1 Qxh3+ 31. Kg1 Qg3+ 32. Kh1 Rb2 33. Qg1 Qh3+ 0-1

[Event "Women's Speed Chess Q3"]
[Site "chess.com INT"]
[Date "2021.05.30"]
[Round "9"]
[White "Zawadzka, Jolanta"]
[Black "Assaubayeva, Bibisara"]
[Result "0-1"]
[WhiteTitle "WGM"]
[BlackTitle "IM"]
[WhiteElo "2399"]
[BlackElo "2381"]
[WhiteFideId "1122320"]
[BlackFideId "13708694"]
[EventDate "2021.05.30"]

1. e4 e5 2. Nf3 Nc6 3. d4 exd4 4. Nxd4 Nf6 5. Nxc6 bxc6 6. Bd3 d5 7. Qe2 Qe7 8.
exd5 Qxe2+ 9. Kxe2 cxd5 10. Re1 Bd6 11. Bg5 O-O 12. Kf1 Rb8 13. Bxf6 gxf6 14. b3
Be5 15. c3 c5 16. g3 Bh3+ 17. Kg1 Rfe8 18. Rc1 c4 19. bxc4 dxc4 20. Bxc4 Rb2 21.
Na3 Bd6 22. Nb5 Bc5 23. Nd4 Rd8 24. Rd1 Bb6 25. Bb3 a5 26. Nc6 Re8 27. Ba4 Bxf2+
28. Kh1 Ree2 29. Rd8+ Kg7 30. Ne7 Rxe7 31. Rad1 Ree2 32. Bc6 Bb6 0-1